01206 a2200181 45000010006000000050017000060080041000230030015000640400040000790800149001192450061002680200022003292640075003513000024004265050404004501000024008548560146008781274820260407155440.0260407a2007 arg spa dAR-UNSa-BCEJYS aAR-UNSa-BCEJYSbspacAR-UNSa-BCEJYS a340.12xTendencias en la teoría del derecho. Escuelas, doctrinas jurídicas. Filosofía del derecho. Teorías sobre el Estado y el derecho 10aTeoría de la justicia y la metaética contemporánea a978-987-03-0983-3 1aBuenos Aires :bUniversidad de Buenos Aires. Facultad de Derechoc2007 axii, 115 p.c24 cm. a1. La tensión entre la metaética y la normativa - 2. El problema metaético en las teorías de la justicia - 3. El problema de la libertad y de la igualdad en las distintas concepciones de justicia - 4. La libertad positiva y la libertad negativa - 5. Justicia y derecho - 6. El Comunitarismo y el realismo moral metaético - 7. La metaética y su influencia en las teorías de la justicia.1 aBarbarosch, Eduardo41uhttps://biblioeco.unsa.edu.ar/pmb/images/libros/Teoria de la justicia y la metaetica contemporanea-l117343.jpgyImagen de portadaqimage/jpeg